| 000 | 00638nam a2200205 a 4500 | ||
|---|---|---|---|
| 001 | 000024419 | ||
| 005 | 20200930023151.0 | ||
| 008 | 110127s1950 ru r 000 0 spa d | ||
| 040 |
_aDO-SdBNP _bspa _cBNPHU |
||
| 041 | 1 | 7 |
_aspa _hrus _2Código de idiomas MARC |
| 082 |
_ann* _bnn* |
||
| 100 | 1 |
_aKonev, Ivan Stepanovich, _d1897-1973. _950056 |
|
| 240 | 1 | 4 | _lEspañol |
| 245 | 1 | 3 |
_aEl año 45 / _cI. S. Konev ; traducción de Joaquín Rodríguez. |
| 260 |
_aMoscú : _bProgreso, _c[1950?]. |
||
| 300 |
_a285 p. : _bil. ; _c21 cm. |
||
| 700 | 1 |
_aRodríguez, Joaquín, _etr. _950057 |
|
| 700 | 1 |
_aWolfson, Leandro, _etr. _98683 |
|
| 049 | _aBNGR | ||
| 999 |
_c23912 _d23912 |
||